Sinh lí học; T1

Gespeichert in:
Bibliographische Detailangaben
Körperschaft: Bộ môn Sinh lí học. Trường Đại học Y Hà Nội
Format: Buch
Sprache:Undetermined
Veröffentlicht: Hà Nội Y học 2000
Schlagworte:
Tags: Tag hinzufügen
Keine Tags, Fügen Sie den ersten Tag hinzu!
Thư viện lưu trữ: Trung tâm Học liệu Trường Đại học Cần Thơ
LEADER 00618nam a2200193Ia 4500
001 CTU_39406
008 210402s9999 xx 000 0 und d
020 |b 32.500đ 
082 |a 612.01 
082 |b B450/T1 
110 |a Bộ môn Sinh lí học. Trường Đại học Y Hà Nội 
245 0 |a Sinh lí học; T1 
245 0 |c Bộ môn Sinh lí học. Trường Đại học Y Hà Nội 
260 |a Hà Nội 
260 |b Y học 
260 |c 2000 
650 |a physiology 
904 |i Nguyễn Quang Điền, 001115 
980 |a Trung tâm Học liệu Trường Đại học Cần Thơ